| Tag |
First Indicator |
Second Indicator |
Subfields |
| LEADER |
00000cam a2200000 4500 |
| 001 |
in00000067031 |
| 005 |
20151008051304.0 |
| 008 |
760812s1928 mau 00010 eng d |
| 010 |
|
|
|a 28002988
|
| 035 |
|
|
|a (OCoLC)02368311
|
| 035 |
|
|
|9 AAG6986AM
|
| 040 |
|
|
|a DLC
|c KSU
|d TXA
|d UtOrBLW
|
| 049 |
|
|
|a TXAM
|c 1 [51157]
|
| 050 |
|
0 |
|a HB171.7
|b .F7
|
| 092 |
|
|
|a 330.1
|b F758r
|
| 100 |
1 |
|
|a Foster, William Trufant,
|d 1879-1950.
|
| 245 |
1 |
4 |
|a The road to plenty /
|c by William Trufant Foster and Waddill Catchings ...
|
| 264 |
|
1 |
|a Boston
|a New York :
|b Houghton Mifflin company,
|c 1928.
|
| 300 |
|
|
|a vi, 229 pages ;
|c 21 cm.
|
| 336 |
|
|
|a text
|b txt
|2 rdacontent
|
| 337 |
|
|
|a unmediated
|b n
|2 rdamedia
|
| 338 |
|
|
|a volume
|b nc
|2 rdacarrier
|
| 490 |
0 |
|
|a Publications of the Pollak foundation for economic research, no. 11
|
| 650 |
|
0 |
|a Economics.
|
| 700 |
1 |
|
|a Catchings, Waddill,
|d 1879-
|
| 999 |
|
|
|a MARS
|
| 999 |
f |
f |
|s c50626e2-f1b9-3fbb-bf12-a9722d845ffc
|i c047fe92-a023-3f48-94c9-d9b089ed73ab
|t 0
|
| 952 |
f |
f |
|p ric
|a Texas A&M University
|b Rellis Campus
|c Joint Library Facility
|d Remote Storage
|t 0
|e HB171.7 .F7
|h Library of Congress classification
|i unmediated -- volume
|m A14800689615
|
| 998 |
f |
f |
|a HB171.7 .F7
|t 0
|l Remote Storage
|